| 000 -LEADER |
| fixed length control field |
01601cam a22003734a 4500 |
| 001 - CONTROL NUMBER |
| control field |
15068477 |
| 005 - DATE AND TIME OF LATEST TRANSACTION |
| control field |
20191004195941.0 |
| 008 - FIXED-LENGTH DATA ELEMENTS--GENERAL INFORMATION |
| fixed length control field |
071102s2008 enka b 001 0 eng |
| 010 ## - LIBRARY OF CONGRESS CONTROL NUMBER |
| LC control number |
2007045551 |
| 015 ## - NATIONAL BIBLIOGRAPHY NUMBER |
| National bibliography number |
GBA743062 |
| Source |
bnb |
| 016 7# - NATIONAL BIBLIOGRAPHIC AGENCY CONTROL NUMBER |
| Record control number |
013761334 |
| Source |
Uk |
| 020 ## - INTERNATIONAL STANDARD BOOK NUMBER |
| International Standard Book Number |
9780470059975 (cloth : acidfree paper) |
| 020 ## - INTERNATIONAL STANDARD BOOK NUMBER |
| International Standard Book Number |
0470059974 (cloth : acidfree paper) |
| 035 ## - SYSTEM CONTROL NUMBER |
| System control number |
(OCoLC)ocn180852094 |
| 035 ## - SYSTEM CONTROL NUMBER |
| System control number |
(OCoLC)180852094 |
| 040 ## - CATALOGING SOURCE |
| Original cataloging agency |
DLC |
| Transcribing agency |
DLC |
| Modifying agency |
BAKER |
| -- |
BWKUK |
| -- |
UKM |
| -- |
YDXCP |
| -- |
DLC |
| 050 00 - LIBRARY OF CONGRESS CALL NUMBER |
| Classification number |
QA402.3 |
| Item number |
.G557 2008 |
| 082 00 - DEWEY DECIMAL CLASSIFICATION NUMBER |
| Classification number |
003 |
| Edition number |
22 |
| Author Mark |
SAL |
| 100 ## - MAIN ENTRY--PERSONAL NAME |
| Personal name |
Saltelli, A. |
| 9 (RLIN) |
22913 |
| 245 00 - TITLE STATEMENT |
| Title |
Global sensitivity analysis : |
| Remainder of title |
the primer / |
| Statement of responsibility, etc. |
Andrea Saltelli ... [et al.]. |
| 260 ## - PUBLICATION, DISTRIBUTION, ETC. |
| Place of publication, distribution, etc. |
Chichester, England ; |
| -- |
Hoboken, NJ : |
| Name of publisher, distributor, etc. |
John Wiley, |
| Date of publication, distribution, etc. |
c2008. |
| 300 ## - PHYSICAL DESCRIPTION |
| Extent |
x, 292 p. : |
| Other physical details |
ill. ; |
| Dimensions |
24 cm. |
| 504 ## - BIBLIOGRAPHY, ETC. NOTE |
| Bibliography, etc. note |
Includes bibliographical references (p. [279]-285) and index. |
| 650 #0 - SUBJECT ADDED ENTRY--TOPICAL TERM |
| Topical term or geographic name entry element |
Sensitivity theory (Mathematics) |
| 9 (RLIN) |
22914 |
| 650 #0 - SUBJECT ADDED ENTRY--TOPICAL TERM |
| Topical term or geographic name entry element |
Global analysis (Mathematics) |
| 9 (RLIN) |
22915 |
| 650 #0 - SUBJECT ADDED ENTRY--TOPICAL TERM |
| Topical term or geographic name entry element |
Mathematical models. |
| 9 (RLIN) |
3646 |
| 700 1# - ADDED ENTRY--PERSONAL NAME |
| Personal name |
Saltelli, A. |
| Fuller form of name |
(Andrea), |
| Dates associated with a name |
1953- |
| 9 (RLIN) |
22916 |
| 856 42 - ELECTRONIC LOCATION AND ACCESS |
| Materials specified |
Publisher description |
| Uniform Resource Identifier |
<a href="http://www.loc.gov/catdir/enhancements/fy0805/2007045551-d.html">http://www.loc.gov/catdir/enhancements/fy0805/2007045551-d.html</a> |
| 856 41 - ELECTRONIC LOCATION AND ACCESS |
| Materials specified |
Table of contents only |
| Uniform Resource Identifier |
<a href="http://www.loc.gov/catdir/enhancements/fy0805/2007045551-t.html">http://www.loc.gov/catdir/enhancements/fy0805/2007045551-t.html</a> |
| 856 42 - ELECTRONIC LOCATION AND ACCESS |
| Materials specified |
Contributor biographical information |
| Uniform Resource Identifier |
<a href="http://www.loc.gov/catdir/enhancements/fy0833/2007045551-b.html">http://www.loc.gov/catdir/enhancements/fy0833/2007045551-b.html</a> |
| 906 ## - LOCAL DATA ELEMENT F, LDF (RLIN) |
| a |
7 |
| b |
cbc |
| c |
orignew |
| d |
1 |
| e |
ecip |
| f |
20 |
| g |
y-gencatlg |
| 942 ## - ADDED ENTRY ELEMENTS (KOHA) |
| Source of classification or shelving scheme |
|
| Koha item type |
Book |